Catálogo público

Estudio de suelos manejo y conservación del suelo agrícola : alelopatía, técnicas, resultados / Felipe Durán Ramírez (Record no. 217206)

MARC details
000 -CABECERA
campo de control de longitud fija 00767nam a2200229Ia 4500
001 - NÚMERO DE CONTROL
campo de control Para_9906
008 - DATOS DE LONGITUD FIJA--INFORMACIÓN GENERAL
campo de control de longitud fija 220602s9999 xx 000 0 und d
020 ## - NÚMERO INTERNACIONAL ESTÁNDAR DEL LIBRO
Número Internacional Estándar del Libro 0 - 19 - 852685 - 5
082 ## - NÚMERO DE LA CLASIFICACIÓN DECIMAL DEWEY
Número de clasificación PA 631.4 D87 2009
100 1# - ENTRADA PRINCIPAL--NOMBRE DE PERSONA
Nombre de persona Durán Ramírez, Felipe
9 (RLIN) 34702
245 ## - MENCIÓN DE TÍTULO
Título Estudio de suelos manejo y conservación del suelo agrícola : alelopatía, técnicas, resultados / Felipe Durán Ramírez
260 ## - PUBLICACIÓN, DISTRIBUCIÓN, ETC.
Lugar de publicación, distribución, etc. Bogotá : Grupo Latino Editores
300 ## - DESCRIPCIÓN FÍSICA
Extensión 96 p.
440 ## - MENCIÓN DE SERIE/PUNTO DE ACCESO ADICIONAL--TÍTULO
Título Granja integral
9 (RLIN) 50385
500 ## - NOTA GENERAL
Nota general Incluye bibliografía
650 ## - PUNTO DE ACCESO ADICIONAL DE MATERIA--TÉRMINO DE MATERIA
Término de materia o nombre geográfico como elemento de entrada Suelos agrícolas \ Conservación de suelosÌ
9 (RLIN) 185014
901 ## - ELEMENTOS DE DATOS A LOCAL LDA (RLIN)
a PA 631.4 D87 2009
902 ## - ELEMENTOS DE DATOS B LOCAL, LDB (RLIN)
a M
905 ## - ELEMENTOS DE DATOS E LOCAL, LDE (RLIN)
a 5232202009 8000000300 06
942 ## - ELEMENTOS DE PUNTO DE ACCESO ADICIONAL (KOHA)
Tipo de ítem Koha Libro_
Holdings
Estado de retiro Estado de pérdida Fuente del sistema de clasificación o colocación Estado dañado Restricciones de uso No para préstamo Código de colección Localización permanente Ubicación/localización actual Fecha de adquisición Número de inventario Total de préstamos Signatura topográfica completa Código de barras Fecha visto por última vez Número de copia Precio válido a partir de Tipo de ítem Koha Nota pública
    Dewey Decimal Classification   Préstamo 3 días   General Parasitologia Agricola Parasitologia Agricola 30/05/2014 (PA_010047) (No. UACh C/E)   PA 631.4 D87 2009 4102001543 02/06/2022 Ej.2 02/06/2022 Libro 3
    Dewey Decimal Classification   Préstamo interno   General Parasitologia Agricola Parasitologia Agricola 29/04/2014 (PA_010036) (No. UACh C/E)   PA 631.4 D87 2009 4102001542 02/06/2022 Ej.1 02/06/2022 Libro 3